Bū-yi gul, nālah-yi dil, (Record no. 342641)
[ view plain ]
| 000 -LEADER | |
|---|---|
| fixed length control field | 00721cam a22002411 4500 |
| 001 - CONTROL NUMBER | |
| control field | 8993058 |
| 003 - CONTROL NUMBER IDENTIFIER | |
| control field | NUST |
| 005 - DATE AND TIME OF LATEST TRANSACTION | |
| control field | 20180111115819.0 |
| 008 - FIXED-LENGTH DATA ELEMENTS--GENERAL INFORMATION | |
| fixed length control field | 900119m19729999pk 000 0 urdr |
| 010 ## - LIBRARY OF CONGRESS CONTROL NUMBER | |
| LC control number | 72930856 |
| 035 ## - SYSTEM CONTROL NUMBER | |
| System control number | (OCoLC)20927371 |
| 040 ## - CATALOGING SOURCE | |
| Original cataloging agency | DLC |
| Transcribing agency | WaU |
| Modifying agency | DLC |
| 042 ## - AUTHENTICATION CODE | |
| Authentication code | premarc |
| 050 00 - LIBRARY OF CONGRESS CALL NUMBER | |
| Classification number | DS385.S5 |
| Item number | A3 |
| 082 ## - DEWEY DECIMAL CLASSIFICATION NUMBER | |
| Classification number | 891.4393 |
| Author Mark | KAS |
| 100 0# - MAIN ENTRY--PERSONAL NAME | |
| Personal name | Shorish Kāshmīrī, |
| Dates associated with a name | 1917-1975. |
| 9 (RLIN) | 8283 |
| 245 10 - TITLE STATEMENT | |
| Title | Bū-yi gul, nālah-yi dil, |
| Remainder of title | dūd-i carāg̲h̲-i maḥfil. |
| 260 ## - PUBLICATION, DISTRIBUTION, ETC. | |
| Place of publication, distribution, etc. | Lahore, |
| Date of publication, distribution, etc. | Matboat Chatan, |
| Name of publisher, distributor, etc. | 1976 |
| 300 ## - PHYSICAL DESCRIPTION | |
| Extent | 534 |
| Dimensions | 22 cm. |
| 546 ## - LANGUAGE NOTE | |
| Language note | In Urdu. |
| 600 00 - SUBJECT ADDED ENTRY--PERSONAL NAME | |
| Personal name | Shorish Kāshmīrī, |
| Dates associated with a name | 1917-1975. |
| 9 (RLIN) | 8283 |
| 650 ## - SUBJECT ADDED ENTRY--TOPICAL TERM | |
| Topical term or geographic name entry element | Urdu Literature |
| 9 (RLIN) | 347 |
| 880 ## - ALTERNATE GRAPHIC REPRESENTATION | |
| Linkage | 100-01\(3\r |
| Title | شورش کاشمیری |
| 880 ## - ALTERNATE GRAPHIC REPRESENTATION | |
| Linkage | 245-02\(3\r |
| Title | بوئے گل، نالہ دل دود چراغ محفل |
| c | شورش کاشمیری |
| 880 ## - ALTERNATE GRAPHIC REPRESENTATION | |
| Linkage | 260-03\(3\r |
| Title | لاہور: |
| b | مطبوعات چٹان، |
| c | 1972 |
| 906 ## - LOCAL DATA ELEMENT F, LDF (RLIN) | |
| a | 7 |
| b | cbc |
| c | oclcrpl |
| d | u |
| e | ncip |
| f | 19 |
| g | y-gencatlg |
| 942 ## - ADDED ENTRY ELEMENTS (KOHA) | |
| Source of classification or shelving scheme | |
| Koha item type | Book |
| Withdrawn status | Lost status | Source of classification or shelving scheme | Damaged status | Not for loan | Collection code | Permanent Location | Current Location | Shelving location | Date acquired | Total Checkouts | Full call number | Barcode | Date last seen | Copy number | Price effective from | Koha item type |
|---|---|---|---|---|---|---|---|---|---|---|---|---|---|---|---|---|
| Central Library (CL) | Central Library (CL) | Fiction | 01/11/2018 | 891.43092 KAS | CL3357 | 01/11/2018 | 1 | 01/11/2018 | Book |
